| 000 | 00827nam a2200217 i 4500 | ||
|---|---|---|---|
| 001 | 184467 | ||
| 003 | ES-MaACL | ||
| 005 | 20230906222214.0 | ||
| 008 | 150904s1917 sp |||| | spa d | ||
| 080 | _a821.134.2-23"19" | ||
| 100 | 1 |
_aArniches, Carlos. _923094 |
|
| 245 | 1 | 0 |
_aDoloretes _b: boceto lírico-dramático de costumbres alicantinas, en un acto... en prosa / _coriginal de Carlos Arniches. |
| 260 |
_aMadrid : _bPrensa Popular, _c[1917] |
||
| 300 |
_a34 p. ; _c20 cm. |
||
| 490 | 1 |
_aLa novela teatral, Año II ; _v20 - Madrid, 29 de abril de 1917 |
|
| 599 | _aEn cub.: caricatura del actor José Mesejo, por Tovar. | ||
| 700 | 0 |
_aTovar _c, ilustrador. _9157378 |
|
| 830 | 0 |
_aLa novela teatral, Año II ; _v20 - Madrid, 29 de abril de 1917 _9225076 |
|
| 852 |
_aES-MaACL _j2332-F-14 |
||
| 999 |
_c184467 _d184467 |
||